000 00764nam a22002057a 4500
005 20250724141658.0
008 250723b |||||||| |||| 00| 0 eng d
020 _a9789392116902
040 _cAL
041 _akan
082 _aK894.8
_bMAHS
100 _aMaheshwari U
_9219933
100 _dಮಹೇಶ್ವರಿ ಯು Ed
_9219828
245 _aShripatha : Prof. P Shrikrishna Bhat abhinandana grantha
_bಶ್ರೀಪಥ ಪ್ರೊ ಪಿ ಶ್ರೀಕೃಷ್ಣ ಭಟ್ ಅಭಿನಂದನ ಗ್ರಂಥ
260 _aMangaluru
_bAakrati Ashaya Publications
_c2024
300 _a388p
_bHB
_c25x18.5cm
365 _2Kannada
_a668
_b₹195.00
_c
_d₹550.00
_e10%
_f10-07-2025
650 _aKannada Miscellaneous
_9219830
942 _2ddc
_cBK
999 _c234658
_d234658